| 000 | 00709nam a2200205 a 4500 | ||
|---|---|---|---|
| 001 | BRCA_1660 | ||
| 005 | 20190320203508.0 | ||
| 008 | 820424s1981 txua---##c---#001-0#eng-# | ||
| 020 | _a0912804041 | ||
| 040 |
_aDLC _cDLC _dDLC |
||
| 050 | 4 |
_aN570.8 _b.K56 1981 |
|
| 245 | 1 | 0 |
_aKimbell Art Museum _bHandbook of the Collection. |
| 260 |
_aFort Worth _bKimbell Art Foundation _c1981 |
||
| 300 |
_ax, 275 p. _bil. (algunas a color) _c23 cm. |
||
| 440 | 0 |
_aKimbell Art Museum Publication _v4 _95172 |
|
| 500 | _aIncluye índice de artistas: obras atribuidas e índice de culturas: obras no atribuidas | ||
| 610 | 2 | 4 |
_aKimbell Art Museum _vCatálogos _95173 |
| 650 | 1 | 4 |
_aArte _vCatálogos _zTexas _92176 |
| 942 |
_2lcc _cB |
||
| 999 |
_c1456 _d1456 |
||